Los impactos sociales de la revolución científico-tecnológica : (Registro nro. 13093)

Detalles MARC
000 -LIDER
fixed length control field 01633nam a2200325 a 4500
001 - NÚMERO DE CONTROL
Identificador de número de control 000014884
003 - IDENTIFICACDOR DE NÚMERO DE CONTROL
control field DO-SdBNP
005 - DATE AND TIME OF LATEST TRANSACTION
control field 20231018112057.0
008 - ELEMENTOS DE LONGITUD FIJA
fixed length control field 100127s2006 sp abd 001 0 spa d
020 ## - ISBN
International Standard Book Number 9788486497712
040 ## - FUENTE DE CATALOGACIÓN
Agencia que crea de manera original el registro BPMSU
Idioma de catalogación spa
Agencia que realiza la transcripción BPMSU
082 #4 - NÚMERO DE CLASIFICACIÓN DECIMAL DE DEWEY
Edition number 22
Classification number 500
Item number F727i 2007
092 ## - LOCALLY ASSIGNED DEWEY DECIMAL CALL NUMBER
Número de clasificación
Número de ítem (Cutter)
111 2# - ASIENTO PRINCIPAL--NOMBRE DE REUNIÓN O CONFERENCIA
Nombre de reunión o jurisdicción como elemento de entrada Foro sobre tendencias sociales
Fecha de la reunión (9: 22-24 nov. 2006:
Lugar de la reunión Madrid )
Término de relación
245 10 - MENCIÓN DE TITULO
Título Los impactos sociales de la revolución científico-tecnológica :
Subtítulo Noveno Foro sobre Tendencias Sociales, Facultad de Ciencias Políticas y Sociología de la UNED, durante los días 22, 23 y 24 de noviembre de 2006/
Mención de responsabilidad editor José Félix Tezanos
250 ## - MENCIÓN DE EDICION
Mención de edición
260 ## - PUBLICACIÓN, DISTRIBUCIÓN, ETC. (PIE DE IMPRENTA)
Lugar de publicación, distribución, etc Madrid :
Nombre del editor, distribuidor, etc. PNUD,
Fecha de publicación, distribución, etc 2007
300 ## - DESCRIPCIÓN FÍSICA
Extensión 498 p. :
Otros detalles físicos ils., mapas ;
Dimensiones 23 cm.
490 0# - MENCIÓN DE SERIES
Mención de serie Ciencias sociales
520 ## - RESUMEN, ETC.
Nota de resumen, etc. Los trabajos presentados analizan los impactos sociales que están tendiendo lugar como consecuencia de los cambios científico-tecnológicos, tanto desde una perspectiva general como en lo concerniente a las innovaciones concretas en los campos de la biotecnología, las tecnologías de la información y la comunicación, la robótica y la automatización avanzada.
590 ## - NOTA LOCAL
Texto de la nota local Inventariado, 2023/VM
650 #4 - ENCABEZAMIENTO DE MATERIA--TEMÁTICO
Término temático o nombre geográfico como elemento de entrada Ciencia
Subdivisión temática general Aspectos sociales
Subdivisión de forma Congresos, conferencias, etc.
650 #4 - ENCABEZAMIENTO DE MATERIA--TEMÁTICO
Término temático o nombre geográfico como elemento de entrada Tecnología
Subdivisión temática general Aspectos sociales
Subdivisión de forma Congresos, conferencias, etc.
650 #4 - ENCABEZAMIENTO DE MATERIA--TEMÁTICO
Término temático o nombre geográfico como elemento de entrada Robótica
Subdivisión de forma Congresos, conferencias, etc.
650 #4 - ENCABEZAMIENTO DE MATERIA--TEMÁTICO
Término temático o nombre geográfico como elemento de entrada Automatización
Subdivisión de forma Congresos, conferencias, etc.
700 1# - ASIENTO SECUNDARIO -- NOMBRE PERSONAL
Nombre personal José Félix Tezanos
Mención de responsabilidad pról.
910 ## - VALIDACIÓN
Validación VMateo V. Control de calidad BPMSU
942 ## - ADDED ENTRY ELEMENTS (KOHA)
Source of classification or shelving scheme Dewey Decimal Classification
Koha item type Libros
945 ## - INFORMACIÓN DE PROCESAMIENTO LOCAL
Información de procesamiento local
Existencias
Withdrawn status Lost status Source of classification or shelving scheme Damaged status Not for loan Collection code Home library Current library Date acquired Total Checkouts Full call number Barcode Date last seen Price effective from Koha item type
    Dewey Decimal Classification     Colección General Biblioteca Pública Metropolitana Salomé Ureña Biblioteca Pública Metropolitana Salomé Ureña 11/24/2017   BPMSU CG 500 F727i 2007 BPMSU23100030 11/24/2017 11/24/2017 Libros